| 000 | 00444nam a2200181Ia 4500 | ||
|---|---|---|---|
| 001 | 1443 | ||
| 005 | 20260306143729.0 | ||
| 008 | 260306t1999||||xx |||||||||||||| ||spa|| | ||
| 041 | _aESP | ||
| 082 |
_a150.194 _bE61 |
||
| 100 |
_aEngler, Barbara _eAUT |
||
| 245 | 0 | _aIntroducción a las teorias de la personalidad | |
| 260 | _c1999 | ||
| 300 |
_axxix, 557 páginas : _c24 cm. |
||
| 650 | _aGEN | ||
| 654 | _aCPS | ||
| 942 |
_cLIB _dJUS _fJUS _2ddc _n |
||
| 999 |
_c1443 _d1443 |
||